| 000 | 00661nam a2200205 i 4500 | ||
|---|---|---|---|
| 001 | 59380 | ||
| 003 | ES-MaACL | ||
| 005 | 20230906164024.0 | ||
| 007 | t| | ||
| 008 | 031028s1929 sp ||||1| spa d | ||
| 080 | _a821.134.2-31"18" | ||
| 100 | 1 |
_aElola, José de ( _d1859-1933) _947068 |
|
| 245 | 1 | 3 |
_aLa desterrada de la Tierra. _nPrimera etapa, _pEl mundo-luz / _cpor El Coronel Ignotus (José de Elola). |
| 250 | _a2ª ed. | ||
| 260 |
_aMadrid : _b[s.n.], _c1929 ( _fRivadeneyra) |
||
| 300 |
_a112 p,, 4 lám. ; _c25 cm. |
||
| 500 | _aPrimera etapa El Mundo-Luz. | ||
| 594 | _aPrecede al tít.: Aventuras extraterrestres. | ||
| 852 |
_aES-MaACL _jA-1024 |
||
| 999 |
_c59380 _d59380 |
||